00721 a2200169 4500003000500000005001700005040000900022082001600031100003700047245016800084260004000252300001100292505018100303650001600484651001200500700003900512NUST20251121182954.0 cNust a621.382,KHA aKhayam , NC Muhammad (TCC-17) aGeneration of multiclass optical orthogonal codes & simulation of optical CDMA system /cNC Muhammad Khayam, NC Nasir Hakeem, Capt Umar Iftikhar and PC Zain Tahir. aRawalpindibMCS (NUST)cAugust 2009 a47 p.; aIntroduction to Optical CDMA (Page-1), Optical Orthogonal Codes (Page-11), Greedy Algorithm (Page-21), Simulation of Optical CDMA System (Page-35), Future Work Areas (Page-43). aUG Projects aTCC-17B aSupervised by Maj Dr. Adnan Rashdi